| 000 | 00853nam a22002531 4500 | ||
|---|---|---|---|
| 001 | 17392 | ||
| 003 | BD-RjUL | ||
| 005 | 20211209000130.0 | ||
| 008 | 140217s1967 ru a 000 0 eng | ||
| 035 | _a(BD-RjUL)17450 | ||
| 040 |
_aDLC _cDLC _dBD-RjUL _beng |
||
| 041 | 1 | _aengrus | |
| 082 |
_a778.33 _bRUI 1967 |
||
| 100 | 1 |
_aRumi︠a︡nt︠s︡ev, Stepan Vasilʹevich. _953604 |
|
| 245 | 1 | 0 |
_aIndustrial radiology / _cby S. Rumyantsev. Translated from the Russian by S. Semyonov. |
| 260 |
_aMoscow : _bMir Publishers, _c1967. |
||
| 300 |
_a272 p. : _billus. ; _c23 cm. |
||
| 500 | _aTranslation of Primenenie radioaktivnykh izotopov v defektoskopii. | ||
| 650 | 0 |
_aRadiography, Industrial. _953605 |
|
| 942 |
_2ddc _cBK |
||
| 999 |
_c17392 _d17392 |
||